| 000 | 01147cab a2200193 4500 | ||
|---|---|---|---|
| 001 | ##L133528 | ||
| 008 | 060516n2006 000 0 eng u | ||
| 035 | _a(Sirsi) u133528 | ||
| 041 | 0 | _aeng | |
| 245 | 0 | 0 | _aLaunch of innovative housing standard |
| 260 | _c2006 | ||
| 490 | 0 |
_aConstructing the Future _v(28) Summer 2006, 4(1) |
|
| 520 | _aReports on LPS 2020, a new certification standard for manufacturers of innovative residential building systems. It has been developed by BRE, and is supported by the Association of British Insurers and the Council of Mortgage Lenders; it covers all innovative systems regardless of type, material or form of construction, and deals with such performance characteristics as durability, resilience and ease of repair. It is hoped that LPS 2020 will stimulate the growth of the market in innovative building systems, which has been hampered by the fact that many designs are unproven, and therefore not acceptable to insurers or mortgage lenders. | ||
| 590 | _aIKA230506 NTK | ||
| 650 | 2 | 4 | _aLPS 2020: 2006 |
| 651 | 4 |
_aUnited Kingdom _y |
|
| 690 | _aBUILT ENVIRONMENT-BUILDING STANDARDS | ||
| 942 | _n0 | ||
| 999 |
_c77064 _d77064 |
||